[Event "HUN-chT2 Erkel 1213"]
[Site "Hungary"]
[Date "2013.01.27"]
[Round "6.1"]
[White "Horvath, Gabor"]
[Black "Toth, Daniel Heves"]
[Result "0-1"]
[WhiteElo "2256"]
[BlackElo "2269"]
[PlyCount "60"]
[EventDate "2012.09.16"]
[EventType "team-tourn"]
[EventRounds "11"]
[EventCountry "HUN"]
[SourceTitle "EXT 2014"]
[Source "ChessBase"]
[SourceDate "2013.11.20"]
[SourceVersion "1"]
[SourceVersionDate "2013.11.20"]
[SourceQuality "1"]
[WhiteTeam "Barcza"]
[BlackTeam "Andornaktalya"]
[WhiteTeamCountry "HUN"]
[BlackTeamCountry "HUN"]

1. e4 c6 2. d3 d5 3. Nd2 e5 4. Ngf3 Bd6 5. g3 Nf6 6. Bg2 0-0 7. 0-0 Re8 8. c3 Bg4 9. h3 Bh5 10. Qc2 Nbd7 11. Nh4 a5 12. a4 Bf8 13. Re1 dxe4 14. dxe4 Nc5 15. Bf1 Nfd7 16. Nc4 f6 17. Be3 Qc7 18. Kh2 Reb8 19. Na3 Nb6 20. Nf5 Bf7 21. Bxc5 Bxc5 22. Qe2 Be6 23. Qf3 Rd8 24. Red1 Rxd1 25. Rxd1 Rd8 26. Be2 Bxa3 27. bxa3 Nxa4 28. Rc1 Nc5 29. Qg4 Kh8 30. a4 g6 0-1

[Event "HUN-chT2 Maroczy 1011"]
[Site "Hungary"]
[Date "2011.05.01"]
[Round "10"]
[White "Kardon, Zoltan"]
[Black "Toth, Daniel Heves"]
[Result "0-1"]
[WhiteElo "2150"]
[BlackElo "2239"]
[PlyCount "82"]
[EventDate "2010.09.12"]
[EventType "team-tourn"]
[EventRounds "11"]
[EventCountry "HUN"]
[SourceTitle "EXT 2012"]
[Source "ChessBase"]
[SourceDate "2011.11.24"]
[SourceVersion "1"]
[SourceVersionDate "2011.11.24"]
[SourceQuality "1"]
[WhiteTeam "Lila Futo"]
[BlackTeam "Fuzesabony"]
[WhiteTeamCountry "HUN"]
[BlackTeamCountry "HUN"]

1. c4 g6 2. Nc3 Bg7 3. g3 Nf6 4. Bg2 0-0 5. d3 c6 6. e4 d6 7. Nge2 a6 8. 0-0 Nbd7 9. a4 a5 10. h3 e5 11. f4 Ne8 12. f5 Nc5 13. Be3 Nc7 14. Rb1 N7a6 15. d4 Nd7 16. Qd2 exd4 17. Nxd4 Ne5 18. b3 f6 19. Rfd1 Re8 20. g4 g5 21. Nf3 Nf7 22. Qf2 Qe7 23. Bf1 Bf8 24. h4 h6 25. hxg5 hxg5 26. Be2 Nb4 27. Rb2 Nh6 28. Qg3 d5 29. e5 fxe5 30. cxd5 cxd5 31. Nxd5 Nxd5 32. Rxd5 Nf7 33. Bc4 Qa3 34. Rbd2 Qc1+ 35. Kg2 Kg7 36. Nxg5 Nxg5 37. Bxg5 Bb4 38. Rd1 Qxg5 39. Rd7+ Bxd7 40. Rxd7+ Re7 41. Qxe5+ Qf6 0-1

[Event "HUN-chT2 Maroczy 0910"]
[Site "Hungary"]
[Date "2009.12.20"]
[Round "4"]
[White "Kral, Peter"]
[Black "Toth, Daniel Heves"]
[Result "1-0"]
[WhiteElo "2238"]
[BlackElo "2252"]
[PlyCount "55"]
[EventDate "2009.11.08"]
[EventType "team-tourn"]
[EventRounds "11"]
[EventCountry "HUN"]
[SourceTitle "EXT 2011"]
[Source "ChessBase"]
[SourceDate "2010.11.26"]
[SourceVersion "1"]
[SourceVersionDate "2010.11.26"]
[SourceQuality "1"]
[WhiteTeam "Nyiregyhaza"]
[BlackTeam "Fenstherm"]
[WhiteTeamCountry "HUN"]
[BlackTeamCountry "HUN"]

1. e4 c5 2. Nf3 Nc6 3. d4 cxd4 4. Nxd4 e5 5. Nb5 d6 6. c4 Be7 7. N1c3 a6 8. Na3 f5 9. Bd3 f4 10. g3 Nf6 11. gxf4 exf4 12. Bxf4 0-0 13. Bg3 Bh3 14. Bf1 Bg4 15. f3 Bh5 16. Be2 Qa5 17. Nc2 Ne5 18. Ne3 Rae8 19. 0-0 Qb6 20. Qd2 Qc5 21. Ncd5 Nxd5 22. Qxd5+ Qxd5 23. Nxd5 Bxf3 24. Bxe5 Bxe2 25. Nxe7+ Rxe7 26. Rxf8+ Kxf8 27. Bxd6 Bxc4 28. Rc1 1-0

[Event "HUN-chT2 Maroczy 0910"]
[Site "Hungary"]
[Date "2009.11.22"]
[Round "2"]
[White "Toth, Daniel Heves"]
[Black "Csonka, Balazs"]
[Result "1-0"]
[WhiteElo "2252"]
[BlackElo "2093"]
[PlyCount "87"]
[EventDate "2009.11.08"]
[EventType "team-tourn"]
[EventRounds "11"]
[EventCountry "HUN"]
[SourceTitle "EXT 2011"]
[Source "ChessBase"]
[SourceDate "2010.11.26"]
[SourceVersion "1"]
[SourceVersionDate "2010.11.26"]
[SourceQuality "1"]
[WhiteTeam "Fenstherm"]
[BlackTeam "Maroczy"]
[WhiteTeamCountry "HUN"]
[BlackTeamCountry "HUN"]

1. d4 Nf6 2. Nf3 c5 3. g3 g6 4. Bg2 Bg7 5. 0-0 cxd4 6. Nxd4 0-0 7. c4 Na6 8. Nc3 d6 9. Bg5 Nc5 10. Qd2 Rb8 11. Bh6 Ne6 12. Bxg7 Kxg7 13. Rac1 Qa5 14. Rfd1 Qh5 15. Nxe6+ fxe6 16. Ne4 e5 17. c5 Nxe4 18. Bxe4 dxc5 19. Rxc5 Rxf2 20. Kxf2 Qxh2+ 21. Bg2 Bh3 22. Qd5 Rf8+ 23. Ke3 Qxg3+ 24. Bf3 Qf4+ 25. Kd3 Bf5+ 26. Kc3 e4 27. Qd4+ Kg8 28. Bh1 b6 29. Rc6 Qg3+ 30. e3 e5 31. Qc4+ Kh8 32. Qe2 Bg4 33. Qe1 Qh3 34. Rc1 Bd7 35. Rc7 Qe6 36. Bxe4 Qxa2 37. Rxd7 Qa5+ 38. b4 Qa3+ 39. Kd2 Qxb4+ 40. Ke2 Qxe4 41. Rcc7 Qg4+ 42. Kd3 Qf5+ 43. Kd2 Qf6 44. Qf1 1-0

[Event "HUN-chT2 Maroczy 0910"]
[Site "Hungary"]
[Date "2009.11.08"]
[Round "1"]
[White "Fodre, Sandor"]
[Black "Toth, Daniel Heves"]
[Result "0-1"]
[WhiteElo "2226"]
[BlackElo "2252"]
[PlyCount "82"]
[EventDate "2009.11.08"]
[EventType "team-tourn"]
[EventRounds "11"]
[EventCountry "HUN"]
[SourceTitle "EXT 2011"]
[Source "ChessBase"]
[SourceDate "2010.11.26"]
[SourceVersion "1"]
[SourceVersionDate "2010.11.26"]
[SourceQuality "1"]
[WhiteTeam "Matra"]
[BlackTeam "Fenstherm"]
[WhiteTeamCountry "HUN"]
[BlackTeamCountry "HUN"]

1. e4 c6 2. d4 d5 3. exd5 cxd5 4. c4 Nf6 5. Nc3 g6 6. Qb3 Bg7 7. cxd5 0-0 8. Be2 Na6 9. Bf3 Qb6 10. Qxb6 axb6 11. Bf4 Nb4 12. Kd2 Bf5 13. d6 exd6 14. Nge2 Nd3 15. Be3 Nxb2 16. Ng3 Nc4+ 17. Ke2 Bg4 18. Rab1 Rfe8 19. Rb4 Rac8 20. Kd3 Nxe3 21. fxe3 Bxf3 22. gxf3 Rxc3+ 23. Kxc3 Nd5+ 24. Kc4 Nxb4 25. Kxb4 Rxe3 26. Rd1 Rxf3 27. Rd2 d5 28. Kb5 Rf6 29. Ne2 Rc6 30. a4 Bh6 31. Ra2 Kf8 32. a5 bxa5 33. Rxa5 Ra6 34. Rxa6 bxa6+ 35. Kc5 Bd2 36. Kxd5 a5 37. Kc6 a4 38. d5 a3 39. Nd4 a2 40. Nb3 Bc3 41. d6 a1Q 0-1

[Event "Eger Tel op"]
[Site "Eger"]
[Date "2009.02.01"]
[Round "6"]
[White "Papp Zoltan, Csaba"]
[Black "Toth, Daniel Heves"]
[Result "1/2-1/2"]
[WhiteElo "2298"]
[BlackElo "2262"]
[PlyCount "50"]
[EventDate "2009.01.29"]
[EventType "swiss"]
[EventRounds "7"]
[EventCountry "HUN"]
[SourceTitle "EXT 2011"]
[Source "ChessBase"]
[SourceDate "2010.11.26"]
[SourceVersion "1"]
[SourceVersionDate "2010.11.26"]
[SourceQuality "1"]

1. e4 c5 2. Nf3 Nc6 3. d4 cxd4 4. Nxd4 e5 5. Nb5 d6 6. N1c3 a6 7. Na3 Be6 8. Nd5 Nf6 9. Bg5 Bxd5 10. exd5 Qa5+ 11. c3 Qxd5 12. Bxf6 Qxd1+ 13. Rxd1 gxf6 14. Bc4 Rd8 15. Bd5 f5 16. 0-0 Bh6 17. Rfe1 Rg8 18. Rd3 Rd7 19. Nc4 Rg6 20. Bxc6 bxc6 21. Red1 e4 22. Rxd6 Rgxd6 23. Rxd6 Bf4 24. Rxd7 Kxd7 25. Kf1 Ke6 1/2-1/2

[Event "HUN-chT2 Maroczy 0708"]
[Site "Hungary"]
[Date "2008.03.30"]
[Round "9"]
[White "Toth, Daniel Heves"]
[Black "Donka, Peter"]
[Result "1-0"]
[WhiteElo "2230"]
[BlackElo "2230"]
[PlyCount "129"]
[EventDate "2007.10.14"]
[EventType "team"]
[EventRounds "11"]
[EventCountry "HUN"]
[SourceTitle "EXT 2009"]
[Source "ChessBase"]
[SourceDate "2008.11.26"]
[SourceVersion "1"]
[SourceVersionDate "2008.11.26"]
[SourceQuality "1"]
[WhiteTeam "Fuzesabony"]
[BlackTeam "Teva"]
[WhiteTeamCountry "HUN"]
[BlackTeamCountry "HUN"]

1. Nf3 Nc6 2. d4 e6 3. c4 Bb4+ 4. Bd2 Qe7 5. g3 Nf6 6. Bg2 0-0 7. 0-0 a5 8. Bg5 h6 9. Bxf6 Qxf6 10. c5 a4 11. a3 Ba5 12. Qxa4 Ra7 13. Rd1 d6 14. Qc2 e5 15. Nc3 Bxc3 16. Qxc3 Bg4 17. dxe5 dxe5 18. Rd2 Qe7 19. h3 Bf5 20. Rad1 Re8 21. Ne1 Qe6 22. g4 Bg6 23. Bd5 Qf6 24. Qf3 Nd4 25. Qxf6 gxf6 26. e3 Ne6 27. Nd3 Bxd3 28. Bxe6 Rxe6 29. Rxd3 Rc6 30. Rc3 Kf8 31. Rd8+ Ke7 32. Rh8 Ra5 33. b4 Rb5 34. Rxh6 b6 35. g5 bxc5 36. Rxf6 Rxf6 37. gxf6+ Kxf6 38. Rxc5 Rb7 39. Kg2 Ke6 40. Kf3 f5 41. e4 f4 42. Kg4 Kd6 43. Kf5 Ra7 44. Ra5 Rb7 45. Rxe5 Rb8 46. Rd5+ Ke7 47. Kxf4 Ra8 48. Rd3 Ke6 49. Ke3 Rh8 50. Kd4 Rf8 51. f3 Rf4 52. a4 Rh4 53. a5 Rxh3 54. a6 Rh8 55. Kc5 Ra8 56. b5 Ke5 57. Kc6 Ra7 58. Rd8 Ke6 59. f4 Ke7 60. Rd7+ Ke6 61. Rxc7 Ra8 62. b6 Rxa6 63. Ra7 Rxa7 64. f5+ Ke5 65. bxa7 1-0

[Event "HUN-chT2 Maroczy 0708"]
[Site "Hungary"]
[Date "2008.03.16"]
[Round "8"]
[White "Virag, Attila Aba"]
[Black "Toth, Daniel Heves"]
[Result "1/2-1/2"]
[WhiteElo "2248"]
[BlackElo "2230"]
[PlyCount "85"]
[EventDate "2007.10.14"]
[EventType "team"]
[EventRounds "11"]
[EventCountry "HUN"]
[SourceTitle "EXT 2009"]
[Source "ChessBase"]
[SourceDate "2008.11.26"]
[SourceVersion "1"]
[SourceVersionDate "2008.11.26"]
[SourceQuality "1"]
[WhiteTeam "Miskolc EMSE"]
[BlackTeam "Fuzesabony"]
[WhiteTeamCountry "HUN"]
[BlackTeamCountry "HUN"]

1. e4 c5 2. Nf3 Nc6 3. d4 cxd4 4. Nxd4 e5 5. Nb5 d6 6. c4 Be7 7. N1c3 a6 8. Na3 f5 9. Nc2 Nf6 10. Bd3 f4 11. b3 Be6 12. Qd2 Qd7 13. Bb2 0-0 14. f3 Bd8 15. g3 g5 16. 0-0-0 Bb6 17. h4 Nh5 18. Nd5 Bd8 19. gxf4 gxf4 20. Rhg1+ Ng3 21. Nce3 Kf7 22. Nf1 Nh5 23. Kb1 Rb8 24. Qf2 Bf6 25. Nh2 Ng3 26. Nxf6 Kxf6 27. c5 dxc5 28. Qxc5 Qe7 29. Qc1 Kg6 30. Nf1 Qxh4 31. Nxg3 fxg3 32. Rxg3+ Qxg3 33. Rg1 Rxf3 34. Be2 Bg4 35. Rxg3 Rxg3 36. Qe1 Rg2 37. Bxg4 Rxg4 38. Qd2 Rd8 39. Qf2 Rxe4 40. Qg2+ Kf5 41. Qh3+ Kg6 42. Qg2+ Kf5 43. Qh3+ 1/2-1/2

[Event "HUN-chT2 Maroczy 0708"]
[Site "Hungary"]
[Date "2008.02.17"]
[Round "6"]
[White "Toth, Daniel Heves"]
[Black "Samu, Gabor Jr"]
[Result "1/2-1/2"]
[WhiteElo "2230"]
[BlackElo "2241"]
[PlyCount "29"]
[EventDate "2007.10.14"]
[EventType "team"]
[EventRounds "11"]
[EventCountry "HUN"]
[SourceTitle "EXT 2009"]
[Source "ChessBase"]
[SourceDate "2008.11.26"]
[SourceVersion "1"]
[SourceVersionDate "2008.11.26"]
[SourceQuality "1"]
[WhiteTeam "Fuzesabony"]
[BlackTeam "Oroshaza"]
[WhiteTeamCountry "HUN"]
[BlackTeamCountry "HUN"]

1. Nf3 d5 2. d4 c6 3. c4 Nf6 4. Qc2 dxc4 5. e4 b5 6. b3 cxb3 7. axb3 Bb7 8. Bd2 a6 9. Bd3 e6 10. 0-0 Nbd7 11. Ba5 Qb8 12. Re1 h6 13. Nbd2 c5 14. d5 e5 15. Nf1 1/2-1/2

[Event "Eger Tel op"]
[Site "Eger"]
[Date "2008.01.27"]
[Round "7"]
[White "Jacso, Adam"]
[Black "Toth, Daniel Heves"]
[Result "0-1"]
[WhiteElo "2184"]
[BlackElo "2240"]
[PlyCount "72"]
[EventDate "2008.01.24"]
[EventType "swiss"]
[EventRounds "7"]
[EventCountry "HUN"]
[SourceTitle "EXT 2011"]
[Source "ChessBase"]
[SourceDate "2010.11.26"]
[SourceVersion "1"]
[SourceVersionDate "2010.11.26"]
[SourceQuality "1"]

1. d4 Nf6 2. c4 c5 3. d5 e6 4. Nc3 exd5 5. cxd5 d6 6. Nf3 g6 7. Nd2 Bg7 8. e4 0-0 9. Be2 Re8 10. 0-0 Na6 11. Re1 Nc7 12. h3 b6 13. a3 Rb8 14. a4 a6 15. Qc2 b5 16. axb5 axb5 17. Ra7 Ba6 18. Rxa6 Nxa6 19. Bxb5 Nb4 20. Qd1 Re7 21. Nc4 Nxe4 22. Nxe4 Rxb5 23. Nexd6 Rxe1+ 24. Qxe1 Rb8 25. Qe4 Bd4 26. Bf4 Ra8 27. Nxf7 Qxd5 28. Nh6+ Kh8 29. Qe7 Nc6 30. Qb7 Rf8 31. Nd6 Bxf2+ 32. Kh2 Rxf4 33. Nhf7+ Kg7 34. Ne8+ Kf8 35. Nfd6 Ne7 36. Qb8 Rb4 0-1

[Event "Eger Tel op"]
[Site "Eger"]
[Date "2008.01.25"]
[Round "2"]
[White "Toth, Daniel Heves"]
[Black "Benedek, Istvan"]
[Result "1-0"]
[WhiteElo "2240"]
[BlackElo "1864"]
[PlyCount "120"]
[EventDate "2008.01.24"]
[EventType "swiss"]
[EventRounds "7"]
[EventCountry "HUN"]
[SourceTitle "EXT 2011"]
[Source "ChessBase"]
[SourceDate "2010.11.26"]
[SourceVersion "1"]
[SourceVersionDate "2010.11.26"]
[SourceQuality "1"]

1. Nf3 Nf6 2. g3 c6 3. Bg2 g6 4. c4 Bg7 5. Nc3 d6 6. 0-0 0-0 7. d4 d5 8. b3 Na6 9. Ne5 Qa5 10. Bb2 Rd8 11. a3 dxc4 12. Nxc4 Qc7 13. Rc1 Be6 14. Qd3 Nc5 15. Qc2 Ncd7 16. e4 Rac8 17. Ne3 Qb8 18. h3 Nb6 19. Rfd1 Ne8 20. Ne2 f6 21. Bc3 Bf7 22. f4 e6 23. a4 f5 24. a5 Na8 25. e5 Nac7 26. g4 Nd5 27. Bxd5 cxd5 28. Ng3 Kh8 29. Qd3 Rc6 30. Bb4 Qc7 31. Ra1 Kg8 32. Kh2 Rc8 33. Rg1 Bf8 34. Bd2 Kh8 35. Rg2 Qd7 36. Rag1 Bh6 37. Qf1 Nc7 38. Ne2 a6 39. Qe1 Qd8 40. Bb4 Nb5 41. Bc5 Bf8 42. b4 Be7 43. gxf5 exf5 44. Qg3 Bh4 45. Qf3 Be6 46. Nd1 Be7 47. Nb2 Bxc5 48. dxc5 d4 49. Rg3 Qd5 50. Qxd5 Bxd5 51. Rd1 Be4 52. Nxd4 Nxd4 53. Rxd4 R8c7 54. Nc4 Re6 55. Rd8+ Kg7 56. Nd6 Kh6 57. Nxe4 fxe4 58. Re3 g5 59. Rd6 Rxd6 60. exd6 Rd7 1-0

[Event "HUN-chT2 Maroczy 0708"]
[Site "Hungary"]
[Date "2007.12.02"]
[Round "4"]
[White "Toth, Daniel Heves"]
[Black "Szamos, Sandor"]
[Result "1/2-1/2"]
[WhiteElo "2230"]
[BlackElo "2246"]
[PlyCount "45"]
[EventDate "2007.10.14"]
[EventType "team"]
[EventRounds "11"]
[EventCountry "HUN"]
[SourceTitle "EXT 2009"]
[Source "ChessBase"]
[SourceDate "2008.11.26"]
[SourceVersion "1"]
[SourceVersionDate "2008.11.26"]
[SourceQuality "1"]
[WhiteTeam "Fuzesabony"]
[BlackTeam "Salgotarjan"]
[WhiteTeamCountry "HUN"]
[BlackTeamCountry "HUN"]

1. d4 Nf6 2. c4 e6 3. g3 c5 4. Nf3 cxd4 5. Nxd4 Nc6 6. Bg2 Bb4+ 7. Bd2 Qb6 8. Nb3 0-0 9. 0-0 Be7 10. Nc3 d6 11. e4 a6 12. Be3 Qc7 13. f4 Na5 14. Nxa5 Qxa5 15. Na4 Nd7 16. a3 Qc7 17. Qb3 Rb8 18. Nb6 Nc5 19. Qb4 Nxe4 20. Bxe4 d5 21. c5 dxe4 22. Qxe4 Bd7 23. Nxd7 1/2-1/2

[Event "HUN-chT2 Maroczy 0607"]
[Site "Hungary"]
[Date "2007.05.06"]
[Round "10"]
[White "Vegh, Endre"]
[Black "Toth, Daniel Heves"]
[Result "0-1"]
[WhiteElo "2335"]
[BlackElo "2247"]
[PlyCount "108"]
[EventDate "2006.11.12"]
[EventType "team"]
[EventRounds "11"]
[EventCountry "HUN"]
[SourceTitle "EXT 2008"]
[Source "ChessBase"]
[SourceDate "2007.11.25"]
[SourceVersion "1"]
[SourceVersionDate "2007.11.25"]
[SourceQuality "1"]
[WhiteTeam "Dunaharaszti"]
[BlackTeam "Fuzesabony"]
[WhiteTeamCountry "HUN"]
[BlackTeamCountry "HUN"]

1. d4 d5 2. c4 e6 3. Nc3 c5 4. cxd5 exd5 5. Nf3 Nc6 6. g3 Nf6 7. Bg2 Be7 8. 0-0 0-0 9. Bf4 Bf5 10. dxc5 d4 11. Na4 Be4 12. Rc1 Re8 13. a3 Qd5 14. b4 Rad8 15. b5 Na5 16. Bc7 Nb3 17. Bxd8 Rxd8 18. Nh4 Nxc1 19. Qxc1 Bxg2 20. Nxg2 Qb3 21. Qd1 Qxb5 22. Qc2 Qc6 23. Rc1 Rc8 24. Ne1 Nd7 25. Nd3 b5 26. Nab2 Nxc5 27. Nb4 Qd7 28. N2d3 Rc7 29. Ne5 Qe6 30. Nf3 Na6 31. Qd2 Rxc1+ 32. Qxc1 Nxb4 33. axb4 Bxb4 34. Nxd4 Qc4 35. Qf4 Bf8 36. e3 b4 37. Qb8 a5 38. Qa8 b3 39. Nxb3 Qxb3 40. Qxa5 Qb1+ 41. Kg2 Qe4+ 42. Kg1 Qf3 43. h4 g6 44. Qd8 Kg7 45. Qd4+ Qf6 46. Qd5 Bd6 47. Kg2 Qe5 48. Qb7 Be7 49. Qa8 Bf6 50. Qb7 Qe6 51. Qa8 Qg4 52. Qb7 Bxh4 53. Qb2+ Bf6 54. Qb7 h5 0-1

[Event "HUN-chT2 Maroczy 0607"]
[Site "Hungary"]
[Date "2007.03.25"]
[Round "7"]
[White "Meszaros, Andras"]
[Black "Toth, Daniel Heves"]
[Result "1-0"]
[WhiteElo "2247"]
[BlackElo "2247"]
[PlyCount "39"]
[EventDate "2006.11.12"]
[EventType "team"]
[EventRounds "11"]
[EventCountry "HUN"]
[SourceTitle "EXT 2008"]
[Source "ChessBase"]
[SourceDate "2007.11.25"]
[SourceVersion "1"]
[SourceVersionDate "2007.11.25"]
[SourceQuality "1"]
[WhiteTeam "Kazincbarcika"]
[BlackTeam "Fuzesabony"]
[WhiteTeamCountry "HUN"]
[BlackTeamCountry "HUN"]

1. e4 d5 2. exd5 Nf6 3. d4 Nxd5 4. c4 Nb6 5. Bf4 e6 6. Nc3 Be7 7. Nf3 0-0 8. Bd3 c6 9. Qc2 h6 10. 0-0-0 N8d7 11. h4 Re8 12. Bh7+ Kf8 13. Ne5 Nf6 14. g4 Nxc4 15. Nxc4 Nxg4 16. Ne5 Nf6 17. Bg6 fxg6 18. Qxg6 Kg8 19. Nf7 Qa5 20. Rhg1 1-0

[Event "HUN-chT2 Maroczy 0607"]
[Site "Hungary"]
[Date "2007.02.18"]
[Round "5"]
[White "Toth, Daniel Heves"]
[Black "Laszlo, Janos"]
[Result "1/2-1/2"]
[WhiteElo "2247"]
[BlackElo "2304"]
[PlyCount "42"]
[EventDate "2006.11.12"]
[EventType "team"]
[EventRounds "11"]
[EventCountry "HUN"]
[SourceTitle "EXT 2008"]
[Source "ChessBase"]
[SourceDate "2007.11.25"]
[SourceVersion "1"]
[SourceVersionDate "2007.11.25"]
[SourceQuality "1"]
[WhiteTeam "Fuzesabony"]
[BlackTeam "Teva"]
[WhiteTeamCountry "HUN"]
[BlackTeamCountry "HUN"]

1. d4 d5 2. c4 e6 3. Nf3 c5 4. cxd5 exd5 5. Nc3 Nc6 6. g3 Nf6 7. Bg2 Be7 8. 0-0 0-0 9. dxc5 d4 10. Na4 Bf5 11. Bf4 Be4 12. Rc1 Qd7 13. a3 Rad8 14. b4 Qd5 15. b5 Na5 16. Bc7 Nb3 17. Bxd8 Rxd8 18. Rc2 Bxc2 19. Qxc2 Nxc5 20. Nxc5 Qxc5 21. Qxc5 Bxc5 1/2-1/2

[Event "HUN-chT2 Maroczy 0607"]
[Site "Hungary"]
[Date "2006.12.03"]
[Round "3"]
[White "Torok, Adam"]
[Black "Toth, Daniel Heves"]
[Result "1-0"]
[WhiteElo "2151"]
[BlackElo "2247"]
[PlyCount "93"]
[EventDate "2006.11.12"]
[EventType "team"]
[EventRounds "11"]
[EventCountry "HUN"]
[SourceTitle "EXT 2008"]
[Source "ChessBase"]
[SourceDate "2007.11.25"]
[SourceVersion "1"]
[SourceVersionDate "2007.11.25"]
[SourceQuality "1"]
[WhiteTeam "Vizugy"]
[BlackTeam "Fuzesabony"]
[WhiteTeamCountry "HUN"]
[BlackTeamCountry "HUN"]

1. d4 Nf6 2. c4 g6 3. Nc3 Bg7 4. e4 d6 5. h3 0-0 6. Nf3 c5 7. d5 b5 8. cxb5 a6 9. a4 Qa5 10. Bd2 Qb4 11. Qc2 axb5 12. Bxb5 Ba6 13. 0-0 Bxb5 14. axb5 Nbd7 15. Rfe1 Nb6 16. e5 Nfd7 17. Rxa8 Rxa8 18. e6 fxe6 19. dxe6 Ne5 20. Nxe5 Bxe5 21. Nd5 Qxb5 22. Nxe7+ Kg7 23. Qe4 Qc4 24. Qb7 Qa6 25. Nf5+ Kh8 26. Qxa6 Rxa6 27. e7 Ra8 28. Nxd6 Bxd6 29. e8Q+ Rxe8 30. Rxe8+ Kg7 31. Bc3+ Kf7 32. Rh8 h5 33. Rh7+ Ke6 34. Ra7 Kf5 35. Rf7+ Ke4 36. Rf6 Nc4 37. Rxg6 Kd3 38. Kf1 Be7 39. Rg7 Bd6 40. Rd7 Kc2 41. Ke2 Bf8 42. g4 hxg4 43. hxg4 Nxb2 44. Bxb2 Kxb2 45. Kd3 Kb3 46. Rb7+ Ka4 47. g5 1-0

[Event "HUN-chT2 Erkel 0506"]
[Site "Hungary"]
[Date "2006.02.26"]
[Round "8"]
[White "Toth, Daniel Heves"]
[Black "Lengyel, Laszlo"]
[Result "1-0"]
[WhiteElo "2254"]
[BlackElo "2227"]
[PlyCount "97"]
[EventDate "2005.10.16"]
[EventType "team"]
[EventRounds "11"]
[EventCountry "HUN"]
[SourceTitle "EXT 2009"]
[Source "ChessBase"]
[SourceDate "2008.11.26"]
[SourceVersion "1"]
[SourceVersionDate "2008.11.26"]
[SourceQuality "1"]
[WhiteTeam "Fuzesabony"]
[BlackTeam "Vasarteri"]
[WhiteTeamCountry "HUN"]
[BlackTeamCountry "HUN"]

1. d4 e6 2. e4 d5 3. Nc3 dxe4 4. Nxe4 Bd7 5. Nf3 Bc6 6. Bd3 Nd7 7. Qe2 Ngf6 8. Neg5 Bxf3 9. Nxf3 Be7 10. 0-0 0-0 11. c3 c5 12. Re1 cxd4 13. Nxd4 Re8 14. Bg5 a6 15. Qf3 Nc5 16. Bc2 Qd5 17. Qxd5 Nxd5 18. Bxe7 Rxe7 19. a3 Rc8 20. Rad1 b5 21. Nxb5 axb5 22. Rxd5 Kf8 23. Rd4 g6 24. Red1 Rb7 25. f4 Ke7 26. Kf2 Rcc7 27. Ke3 h5 28. Bd3 Na4 29. Rb4 Nxb2 30. Rxb2 Rxc3 31. a4 b4 32. Ke2 b3 33. Bb5 Rbc7 34. Rdb1 Rc2+ 35. Kd3 Kd6 36. Rxb3 Rxg2 37. R1b2 Rg4 38. Ke3 e5 39. Rd3+ Ke6 40. fxe5 Kxe5 41. a5 f5 42. a6 Rh4 43. Re2 Rb4 44. Kf3+ Re4 45. Rd7 Rc3+ 46. Kf2 Kf4 47. a7 Rf3+ 48. Ke1 Ra3 49. Bc6 1-0

[Event "HUN-chT2 Erkel 0506"]
[Site "Hungary"]
[Date "2006.02.12"]
[Round "7"]
[White "Somogyi, Istvan"]
[Black "Toth, Daniel Heves"]
[Result "1/2-1/2"]
[WhiteElo "2242"]
[BlackElo "2254"]
[PlyCount "44"]
[EventDate "2005.10.16"]
[EventType "team"]
[EventRounds "11"]
[EventCountry "HUN"]
[SourceTitle "EXT 2009"]
[Source "ChessBase"]
[SourceDate "2008.11.26"]
[SourceVersion "1"]
[SourceVersionDate "2008.11.26"]
[SourceQuality "1"]
[WhiteTeam "Stat PSC II"]
[BlackTeam "Fuzesabony"]
[WhiteTeamCountry "HUN"]
[BlackTeamCountry "HUN"]

1. d4 Nf6 2. c4 c5 3. e3 g6 4. Nc3 Bg7 5. Nf3 0-0 6. Be2 cxd4 7. Nxd4 d5 8. 0-0 Nc6 9. cxd5 Nxd5 10. Nxd5 Qxd5 11. Bf3 Qc5 12. Nxc6 bxc6 13. Qa4 Be6 14. Bd2 Bxb2 15. Bb4 Qc4 16. Rab1 a5 17. Bxc6 Rab8 18. Rxb2 Rxb4 19. Rxb4 Qxb4 20. a3 Qxa4 21. Bxa4 Rc8 22. Ra1 Rc3 1/2-1/2

[Event "EU-ch U16"]
[Site "Herceg Novi"]
[Date "2005.09.16"]
[Round "3"]
[White "Toth, Daniel Heves"]
[Black "Fossum, Atle Boyum"]
[Result "1-0"]
[WhiteElo "2254"]
[BlackElo "2017"]
[PlyCount "99"]
[EventDate "2005.09.14"]
[EventType "swiss"]
[EventRounds "9"]
[EventCountry "YUG"]
[SourceTitle "CBM 108 Extra"]
[Source "ChessBase"]
[SourceDate "2005.11.04"]
[SourceVersion "1"]
[SourceVersionDate "2005.11.04"]
[SourceQuality "1"]

1. d4 d5 2. c4 e6 3. Nc3 Nf6 4. cxd5 exd5 5. Bg5 Be7 6. e3 0-0 7. Bd3 c6 8. Qc2 Nbd7 9. Nge2 Re8 10. 0-0 Nf8 11. Rae1 Ne4 12. Bxe7 Qxe7 13. f3 Nxc3 14. Nxc3 Ng6 15. Qf2 Be6 16. e4 Nf4 17. Bb1 Rad8 18. e5 Qg5 19. Qg3 Qxg3 20. hxg3 Nh5 21. g4 Ng3 22. Rf2 h5 23. Kh2 h4 24. Kh3 g5 25. f4 gxf4 26. Kxh4 Kg7 27. Rxf4 Nh1 28. Bf5 Rh8+ 29. Kg5 Rdg8 30. Rf3 Kf8+ 31. Kf4 Bxf5 32. Kxf5 Rh4 33. e6 fxe6+ 34. Kxe6+ Kg7 35. Kf5 Rh2 36. Re7+ Kh6 37. Re6+ Kh7 38. Rh3+ Rxh3 39. gxh3 Nf2 40. Re3 Kh6 41. Kf4 Nh1 42. Re6+ Kg7 43. Re7+ Kf6 44. Rxb7 Nf2 45. Kg3 Nd3 46. Rc7 Nxb2 47. Rxc6+ Kg7 48. Nxd5 Rd8 49. Rc7+ Kf8 50. Nf4 1-0

[Event "EU-ch U16"]
[Site "Herceg Novi"]
[Date "2005.09.15"]
[Round "2"]
[White "Krivoborodov, Egor"]
[Black "Toth, Daniel Heves"]
[Result "1-0"]
[WhiteElo "2390"]
[BlackElo "2254"]
[PlyCount "87"]
[EventDate "2005.09.14"]
[EventType "swiss"]
[EventRounds "9"]
[EventCountry "YUG"]
[SourceTitle "CBM 108 Extra"]
[Source "ChessBase"]
[SourceDate "2005.11.04"]
[SourceVersion "1"]
[SourceVersionDate "2005.11.04"]
[SourceQuality "1"]

1. e4 e5 2. Nf3 Nc6 3. Bb5 f5 4. Nc3 fxe4 5. Nxe4 Nf6 6. Qe2 d5 7. Nxf6+ gxf6 8. d4 Bg7 9. dxe5 fxe5 10. Bg5 Qd6 11. 0-0-0 Be6 12. c4 a6 13. Ba4 d4 14. Nxe5 0-0 15. Nxc6 bxc6 16. Bc2 h6 17. Bh4 Rae8 18. Bg3 Qc5 19. Bd3 Kh8 20. Qc2 Bg4 21. Rde1 Qa5 22. f3 Bd7 23. Kb1 Be5 24. Qc1 Rf6 25. c5 Bxg3 26. Rxe8+ Bxe8 27. hxg3 Kg7 28. Qe1 Qxe1+ 29. Rxe1 Bg6 30. Kc2 Kf7 31. g4 h5 32. gxh5 Bxh5 33. Re4 Bg6 34. Rxd4 Re6 35. Bxg6+ Kxg6 36. Re4 Rf6 37. Re7 Kf5 38. Rxc7 Kf4 39. Ra7 Rg6 40. Rxa6 Rxg2+ 41. Kc3 Rg6 42. b4 Kxf3 43. b5 Ke4 44. Rxc6 1-0